000 01125pam a2200313 a 4500
001 3469986
003 OSt
005 20230620144959.0
008 930805s1993 miu b s001 0 eng
010 _a 93031966
020 _a0472094734 (alk. paper)
020 _a0472064738 (pbk. : alk. paper)
040 _aDLC
_cDLC
_dDLC
043 _an-us---
082 0 0 _a323.04
_bFOW
100 1 _aFowler, Linda L.,
_d1945-
245 1 0 _aCandidates, Congress, and the American democracy /
_cLinda L. Fowler.
260 _aAnn Arbor :
_bUniversity of Michigan Press,
_cc1993.
300 _aviii, 228 p. ;
_c25 cm.
440 0 _aAnalytical perspectives on politics
504 _aIncludes bibliographical references (p. 189-211) and index.
650 0 _aPolitical participation
_zUnited States.
650 0 _aPolitical culture
_zUnited States.
650 0 _aPolitics, Practical
_zUnited States.
650 0 _aPolitical campaigns
_zUnited States.
906 _a7
_bcbc
_corignew
_d1
_eocip
_f19
_gy-gencatlg
942 _2ddc
_cBK
999 _c1816
_d1816